| 000 | 01235nam a22003737a 4500 | ||
|---|---|---|---|
| 999 |
_c14853 _d14853 |
||
| 003 | EG-ScBUE | ||
| 005 | 20191203140017.0 | ||
| 006 | m||||fq||h 00| 0 | ||
| 008 | 101130r20092008enka f 000 0 eng d | ||
| 020 | _a9780521705936 | ||
| 020 | _a9780521705929 | ||
| 040 |
_aEG-ScBUE _beng _erda _cEG-ScBUE _dEG-ScBUE |
||
| 082 | 0 | 4 |
_a428.24 _bGOW _222 |
| 100 | 1 |
_aGower, Roger, _eauthor. _921363 |
|
| 245 | 1 | 0 |
_aReal writing with answers. _n3 / _cRoger Gower. |
| 250 | _aThird printing. | ||
| 264 | 1 |
_aCambridge : _bCambridge University Press, _c2009. |
|
| 300 |
_a110 pages : _bColor illustrations ; _c27 cm + _e1 CD. |
||
| 336 |
_2rdacontent _atext _btxt |
||
| 336 |
_2rdacontent _asounds _bsnd |
||
| 337 |
_2rdamedia _aunmediated _bn |
||
| 337 |
_2rdamedia _aaudio _bs |
||
| 338 |
_2rdacarrier _avolume _bnc |
||
| 338 |
_2rdacarrier _acomputer disc _bcd |
||
| 490 | 0 | _aCambridge English skills | |
| 500 | _aIncludes appendices. | ||
| 521 | _aB2: Intermediate- Upper-Intermediate | ||
| 590 | _aAml khaled | ||
| 650 | 7 |
_aEnglish language _vTextbooks for foreign speakers. _2BUEsh _913799 |
|
| 650 | 7 |
_aEnglish language _xSpoken English. _2BUEsh _936034 |
|
| 653 |
_bHHUUEENN _cJuly2019 |
||
| 655 | _vReading book | ||
| 942 |
_2ddc _cBB |
||